000 02540cam a2200313 4500500
005 20260111150244.0
041 _afre
042 _adc
100 1 0 _aSpang, Rebecca L.
_eauthor
700 1 0 _aMuller, Sylvie
_eauthor
245 0 0 _aL'individu au menu : l'invention du restaurant à Paris au XVIIIe siècle
260 _c2014.
500 _a61
520 _aLe restaurant, pense‑t‑on souvent, ne fait que satisfaire un besoin physiologique et n’aurait donc pas évolué au cours de l’histoire. Pourtant, les principales caractéristiques attendues d’un restaurant – les tables individuelles, la carte du menu, les horaires – ne sont ni universelles ni atemporelles. Elles résultent d’un développement historique spécifique, associé à l’émergence de l’individualisme moderne, et favorisé par la commercialisation médicale du culte de la sensibilité qui marque le XVIIIe siècle.
520 _aPutting the Individual on the Menu: The Invention of the Restaurant in eighteenth‑century ParisRestaurants are often assumed to satisfy a simple biological need and therefore to be a constant throughout history. Many of the specific features we expect from a restaurant, however—individualized tables, customers who select from a menu, meals served at a variety of times—are not timeless universals. They are instead highly specific historical developments, linked to the emergence of modern ideas of individualism and facilitated by the commercialized medical sensibility central to eighteenth‑century elite culture.
520 _aEin Restaurant denkt man zunächst macht nichts anderes als körperliche Bedürfnisse zu befriedigen und hat sich daher von Beginn an nicht wirklich weiter entwickelt. Weit gefehlt, denn die Wesensmerkmale eines Restaurants – einzelne Tische, eine Speisekarte, bestimmte Öffnungszeiten – sind weder universell noch zeitlos. Sie haben vielmehr eine spezifische Geschichte, die eng mit dem modernen Individualismus verwoben ist und vom medizinischen Kult der Feinfühligkeit des 18. Jahrhunderts noch verstärkt wurden.
690 _achoix
690 _ahistoire
690 _aindividualisme
690 _amenu
690 _arestaurant
690 _achoice
690 _ahistory
690 _aindividualism
690 _amenu
690 _arestaurant
786 0 _nEthnologie française | 44 | 1 | 2014-02-01 | p. 11-17 | 0046-2616
856 4 1 _uhttps://shs.cairn.info/revue-ethnologie-francaise-2014-1-page-11?lang=fr&redirect-ssocas=7080
999 _c1637308
_d1637308